Los conceptos cambiantes de la ciencia

Bibliographic Details
Main Author: Grayson Smith, Hugh
Format: Section = Libro
Language:Undetermined
Spanish
Published: México Centro Regional de Ayuda Técnica 1969
Subjects:
LEADER 00455nam a2200169Ia 4500
008 240829s9999 xx 000 0 und d
040 |a BIBLIOTECA-RUSB/ 500.2 G784 
041 |a spa 
082 |a 500.2 G784 
100 1 |a Grayson Smith, Hugh 
245 1 0 |a Los conceptos cambiantes de la ciencia 
260 |a México  |b Centro Regional de Ayuda Técnica  |c 1969 
300 |a 691 p. :il. 
650 7 |a CIENCIAS FISICA 
942 |c BK  |2 ddc 
991 |a TEXTO 
999 |c 1220